|
|
|
|
| LEADER |
01003nam a2200241 i 4500 |
| 001 |
c000245898 |
| 003 |
CARM |
| 005 |
00000000000000.0 |
| 008 |
840311s1968 enk 0 eng d |
| 019 |
1 |
|
|a 58086557
|z 27629
|5 LACONCORD2021
|
| 035 |
|
|
|a (OCoLC)233571
|5 LACONCORD2021
|
| 082 |
0 |
4 |
|a 331.62171242042
|
| 100 |
1 |
|
|a Wright, Peter L.
|
| 245 |
1 |
4 |
|a The coloured worker in British industry :
|b with special reference to the Midlands and North of England.
|
| 260 |
|
|
|a London :
|b published for the Institute of Race Relations, London, [by] Oxford U.P. ,
|c 1968.
|
| 300 |
|
|
|a 245 p.
|
| 500 |
|
|
|a Bibliography: p.233-237.
|
| 650 |
|
0 |
|a Alien labor
|z Great Britain.
|
| 650 |
|
0 |
|a Discrimination in employment
|z Great Britain.
|
| 710 |
2 |
|
|a Institute of Race Relations.
|
| 852 |
8 |
|
|b CARM
|h A1:AQ11E0
|i C08987
|p 0362705
|f BK
|
| 999 |
f |
f |
|i 06078b7c-49f7-5332-9833-d53ae88b8ba6
|s 1fb86743-7d88-56cd-a725-fdbaa89390b6
|
| 952 |
f |
f |
|p Can circulate
|a CAVAL
|b CAVAL
|c CAVAL
|d CARM 1 Store
|e C08987
|f A1:AQ11E0
|h Other scheme
|i book
|m 0362705
|